01754cam a22004094i 4500003000900000005001700009020001500026035002700041040003300068049000900101082001700110100002800127245009200155250002900247264003600276300005500312336002100367337002500388338002300413505025500436526000900691526000900700526000800709526000800717526000800725650001900733650002100752700003300773910001500806942001400821949012500835994001400960596000600974999015200980980005501132952015701187PE-LiUPU20250731183333.0 a9709726226 a(Sirsi) i9789709726220 aPE-LiUPUbspacPE-LiUPUerda aPRUA04a747.797bZ161 aZabihi, Karina,eautor.10aCocinas y comedores asiáticos contemporáneos /cKarina Zabihi y Chami Jotisalikorn. a1a ed. en español 2005 1aMéxico :bAM Editores,c2005. a128 páginas :bilustraciones ;c28 centímetros atext2rdacontent aunmediated2rdamedia avolume2rdacarrier0 aCocinas y comedores asiáticos contemporáneos: Yin y Yang culinario -- Rasgos de sofisticación -- Juego de luces -- Áreas abiertas -- Sabor tropical -- Humor y armonía -- Vida agradable -- Armonía natural -- Reflejos de esplendor -- China. aP158 aP146 aP17 aP12 aP0614aCocinasyAsia.14aComedoresyAsia.1 aJotisalikorn, Chami,eautor. agl20131205 2ddccBOOK a747.797 Z16wDEWEYc1i69411lCCODEBUL1mBULr0sYtBOOKu2015-7-6xINGENIERIAPP060COMPRAo.STAFF. Colección General aC0bPEPRU a1 a747.797 Z16wDEWEYc5997i69411d5997f2021-11-10g7lCCODEBUL1mBULq1r0sYtBOOKu2015-7-6xINGENIERIAPP060COMPRAo.STAFF. Colección General 81gALBERTO SANCHEZ Responsable de Automatización r2025-12-03 00:00:00i8l0o747.797 Z16p69411te1w2015-07-06xFIAyBKzinventario-2023-12-13102ddc50708GENfP06aBULbBULcGENd2015-07-06eCOMPRA